| 000 | 01962nam a2200373 a 4500 | ||
|---|---|---|---|
| 001 | ebr10211487 | ||
| 003 | CaPaEBR | ||
| 006 | m u | ||
| 007 | cr cn||||||||| | ||
| 008 | 060606s2006 enk sb 001 0 eng | ||
| 010 | _z 2006018449 | ||
| 015 |
_aGBA674662 _2bnb |
||
| 016 | 7 |
_z013541789 _2Uk |
|
| 020 | _z0754640477 (alk. paper) | ||
| 020 | _z9780754640479 (alk. paper) | ||
| 040 |
_aCaPaEBR _cCaPaEBR |
||
| 035 | _a(OCoLC)320322829 | ||
| 043 |
_ae-uk--- _aa-pk--- |
||
| 050 | 1 | 4 |
_aDA125.S57 _bD46 2006eb |
| 082 | 0 | 4 |
_a305.23089/914122042817 _222 |
| 100 | 1 |
_aDin, Ikhlaq, _d1968- |
|
| 245 | 1 | 4 |
_aThe new British _h[electronic resource] : _bthe impact of culture and community on young Pakistanis / _cIkhlaq Din. |
| 260 |
_aAldershot, England ; _aBurlington, VT : _bAshgate, _cc2006. |
||
| 300 | _a164 p. | ||
| 504 | _aIncludes bibliographical references (p. [151]-159) and indexes. | ||
| 505 | 0 | _aThe context of the research -- Methods : conducting research on the Pakistani community -- The land of dreams -- From Manningham to Burnley to Oldham : what should we learn? -- The selection of school -- The experience of school -- Too many aspirations? -- The new British -- Boyzone and Bhangra : the place of popular and Pakistani culture -- The experience of parents and the Biraderi -- Institutionalised racism? : gangs and ethnic minorities -- Islam and the influence culture. | |
| 533 |
_aElectronic reproduction. _bPalo Alto, Calif. : _cebrary, _d2013. _nAvailable via World Wide Web. _nAccess may be limited to ebrary affiliated libraries. |
||
| 650 | 0 |
_aPakistanis _zEngland _zBradford (West Yorkshire) _xSocial conditions. |
|
| 651 | 0 |
_aGreat Britain _xEthnic relations. |
|
| 651 | 0 |
_aPakistan _xEmigration and immigration. |
|
| 655 | 7 |
_aElectronic books. _2local |
|
| 710 | 2 | _aebrary, Inc. | |
| 856 | 4 | 0 |
_uhttp://site.ebrary.com/lib/rucke/Doc?id=10211487 _zAn electronic book accessible through the World Wide Web; click to view |
| 999 |
_c125529 _d125529 |
||